000 00636nam a2200205 a 4500
001 000010630
005 20240412074220.0
008 091008s1997 dr a r 000 0 spa d
020 _a8484002675
040 _aDO-SdBNP
_bspa
_cBNPHU
082 _aRD861.44
_bM722n
100 1 _aMolinaza, José
_925720
245 1 0 _aNovilunio /
_cJosé Molinaza ; ilustraciones María Soledad Lockhart.
260 _aSanto Domingo :
_aTaller,
_c1997.
300 _a91 p. :
_bil. ;
_c28 cm.
590 _aInventariado, 2018/BT
650 0 _aPoesía dominicana
_966
650 0 _aLiteratura dominicana.
_967
910 _aValidado. Control de calidad. MFF
999 _c10388
_d10388